000 01222nam a22002537a 4500
001 4696
003 FISKH
005 20240923094331.0
008 240923b cb ||||| |||| 00| 0 eng d
020 _a9780771034701
040 _aFISKH
_beng
_cFISKH
_dFISKH
050 _aPR9199.M494
082 _2813.54
100 _aMistry, Rohinton
_d1952-
245 _aTales from firozsha banng /
_cRohinton Mistry with an afterword by W.H. New
250 _aedition 2000
260 _aToronto :
_bNew Canadian,
_c2000.
300 _a269 pages :
_c18cm
520 _aFirozsha Baag is an apartment building in Bombay. Its ceilings need plastering and some of the toilets leak appallingly, but its residents are far from desperate, though sometimes contentious and unforgiving. In these witty, poignant stories, Mistry charts the intersecting lives of Firozsha Baag, yielding a delightful collective portrait of a middle-class Indian community poised between the old ways and the new. "A fine collection...the volume is informed by a tone of gentle compassion for seemingly insignificant lives."--Michiko Kakutani, New York Times
650 _2Short stories
_aBombay
650 _2To-read
942 _2ddc
_cBK
_n0
999 _c4696
_d4696